000 00813nam a2200265 i 4500
003 DO-SdBNP
005 20240314105409.0
007 ta
008 240314b2001 mx ||||| |||| 00| 0 spa d
020 _a9789681661885 (tomo 2)
040 _aDO-SdBNP
_bspa
_cBNPHU
_erda
082 4 _222
100 1 _aCanto-Speber, Monique,
_eautora
_985034
245 1 0 _aDiccionario de ética y de filosofía moral /
_cMonique Canto-Sperber
264 _aMéxico :
_bFondo de Cultura Económica,
_c2001.
300 _avolumenes :
_c28 cm.
336 _2rdacontent
_atexto
_btxt
337 _2rdamedia
_asin mediación
_bn
338 _2rdacarrier
_avolumen
_bnc
500 _aLa biblioteca posee el tomo 2 de la K-W
500 _aIncluye índices
590 _aInventariado, 2024/BT
910 _aBtavárez
942 _2ddc
_cLBS1
999 _c56102
_d56102